| 000 | 00598nam a22001577a 4500 | ||
|---|---|---|---|
| 003 | NUST | ||
| 038 | _aNusrat Nadeem | ||
| 082 | _a200 | ||
| 100 |
_aBarnett, Ndorwu Alfred _9131711 |
||
| 245 |
_aECOSANITATION PRODUCTS AS EXPOSOMIC VECTOR – A STUDY OF MICROPOLLUTANTS AND THEIR IMPLICATIONS FOR HEALTH AND ENVIRONMENT/ _cAlfred Ndorwu Barnett, |
||
| 264 |
_aIslamabad: _bIESE(SCEE) NUST. _c2025. |
||
| 650 |
_aPhD-Environmental Sciences _9123809 |
||
| 700 |
_aSupervisor: Prof. Dr. Muhammad Arshad _9123822 |
||
| 856 | _u http://10.250.8.41:8080/xmlui/handle/123456789/54974 | ||
| 942 |
_2ddc _cSC |
||
| 999 |
_c615247 _d615247 |
||